WWE Intercontinental Champions - Sudden Death rules - Statistics

General Stats
  • This quiz has been taken 584 times
  • The average score is 7 of 15
Answers on the Grid
Answers color-coded by a green-red scale on the quiz's grid according to % correct below.
Owen Hart
Rick Martel
X-Pac
Jeff Hardy
Carlito
Fit Finlay
Mr. Perfect
Farooq
Perry Saturn
Rick Rude
Luke Harper
Heath Slater
Jimmy Uso
Sami Zayn
Big E
Ricky Steamboat
Arn Anderson
John Morrison
Ken Patera
Jim Neidhart
Marty Jannetty
Jimmy Snuka
Rocky Johnson
Edge
Xavier Woods
Brian Pillman
Junkyard Dog
Zack Ryder
Tito Santana
Bobby Roode
 
Answer Stats
Answer % Correct
Owen Hart
72%
Jeff Hardy
65%
Sami Zayn
62%
Big E
60%
Edge
55%
Carlito
51%
Mr. Perfect
50%
Zack Ryder
49%
Luke Harper
45%
John Morrison
44%
Ricky Steamboat
40%
Rick Rude
35%
Marty Jannetty
26%
Tito Santana
24%
Ken Patera
18%
No matching quizzes found
Score Distribution
Percent of People with Each Score
Percentile by Number Answered
Your Score History
You have not taken this quiz